| 000 | 01715nam a2200529 i 4500 | ||
|---|---|---|---|
| 001 | 34062 | ||
| 003 | KOSZ 005 | ||
| 005 | 20201215091819.0 | ||
| 008 | 990720s1999 pl a f |000 0 pol | ||
| 015 | _aUWD 1999/10586 | ||
| 020 | _a8321340679 | ||
| 035 | _a991010799369705066 | ||
| 035 | _a(PL-WaBN)b12939924-48omnis_nlop | ||
| 035 | _ab12939924 | ||
| 035 | _a(OCoLC)830253978 | ||
| 035 | _a(PL)b0000001293992 | ||
| 035 | _a(EXLNZ-48OMNIS_NETWORK)9910506736205606 | ||
| 040 |
_aWA N _cWA N _dKOSZ 005/HR |
||
| 041 | 0 | _apol | |
| 046 | _k1999 | ||
| 080 | _a628.1/.3 | ||
| 080 | _a543.5 | ||
| 245 | 0 | 0 |
_aFizyczno-chemiczne badanie wody i ścieków / _cWitold Hermanowicz [et al.]. |
| 250 |
_aWyd. 2. / _boprac. pod kier. Jana Dojlido. |
||
| 260 |
_aWarszawa : _b"Arkady", _c1999. |
||
| 300 |
_a555, [1] s. : _brys., wykr. ; _c25 cm. |
||
| 336 |
_aTekst _btxt _2rdacontent |
||
| 337 |
_aBez urządzenia pośredniczącego _bn _2rdamedia |
||
| 338 |
_aWolumin _bnc _2rdacarrier |
||
| 380 | _aKsiążki | ||
| 380 | _aPublikacje fachowe | ||
| 388 | _a1901-2000 | ||
| 388 | _a1989-2000 | ||
| 504 | _aBibliogr. s. 540-550. | ||
| 650 | 7 |
_aChemia analityczna _2DBN |
|
| 650 | 7 | _aFizykochemiczne metody badawcze | |
| 650 | 7 |
_aŚcieki _2DBN |
|
| 650 | 7 |
_aWoda _2DBN |
|
| 658 | _aChemia | ||
| 658 | _aInżynieria i technika | ||
| 700 | 1 |
_aDojlido, Jan Ryszard _d(1930-2018) _eOpracowanie |
|
| 700 | 1 |
_aHermanowicz, Witold _d(1904-1984) _eAutor |
|
| 710 | 2 |
_aWydawnictwo Arkady _4pbl |
|
| 856 |
_uhttp://koha.tu.koszalin.pl/cgi-bin/koha/opac-detail.pl?biblionumber=34062 _yKatalog online BPK |
||
| 942 |
_2UKD _cKS |
||
| 999 |
_c34062 _d34062 |
||